00540 2200181 4500001002100000005001500021035002000036245010900056100002400165250001100189300002800200260003800228082001200266084001800278020002200296650001600318600002400334INLIS00000000000121420240724085524 a0010-07240002071 aPanduan Lengkap Ebi :bEdisi Revisi : Berdasarkan Pemendikbud Nomor 50 tahun 2015 /cPuput Alvian, S.Pd.0 aPuput Alvian, S.Pd. aCet II a244 hlm ;c140 x 220 mm aDepok :bSenja Media Utama,c2017 a499.221 a499.221 PUP p a978-602-6563-22-4 4aPanduan EBI 4aPuput Alvian, S.Pd.